A history of the concerto /

Bibliographic Details
Main Author: Roeder, Michael Thomas
Format: Book
Language:English
Published: Portland, Or. : Amadeus Press, [1994]
Subjects:

MARC

Tag First Indicator Second Indicator Subfields
LEADER 00000cam a2200000 a 4500
001 in00001190521
005 20151002052357.0
008 921117s1994 orua b 001 0 eng
010 |a  92041967  
020 |a 0931340616 
035 |a (OCoLC)27070961 
035 |9 AGH7962AM 
040 |a DLC  |c DLC  |d TXA  |d UtOrBLW 
049 |a TXAM 
050 0 0 |a ML1263  |b .R64 1994 
082 0 0 |a 784.2/3/09  |2 20 
100 1 |a Roeder, Michael Thomas. 
245 1 2 |a A history of the concerto /  |c Michael Thomas Roeder. 
264 1 |a Portland, Or. :  |b Amadeus Press,  |c [1994] 
264 4 |c ©1994 
300 |a 480 pages :  |b illustrations ;  |c 27 cm. 
336 |a text  |b txt  |2 rdacontent 
337 |a unmediated  |b n  |2 rdamedia 
338 |a volume  |b nc  |2 rdacarrier 
504 |a Includes bibliographical references (pages 453-458) and index. 
650 0 |a Concerto. 
999 |a MARS 
999 f f |s b4d1bf04-6f7b-3422-ac8c-b17ac3fce00d  |i bb55f55d-4121-3f98-8c58-d69ecb365c8e  |t 0 
952 f f |p ric  |a Texas A&M University  |b Rellis Campus  |c Joint Library Facility  |d Remote Storage  |t 0  |e ML1263 .R64 1994  |h Library of Congress classification  |i unmediated -- volume  |m A14818564895 
998 f f |a ML1263 .R64 1994  |t 0  |l Remote Storage